[Event "RUS-chT 07th"]
[Site "Smolensk"]
[Date "2000.04.19"]
[Round "5"]
[White "Belozerov, Andrei"]
[Black "Kortschnoj, Viktor Lvovich"]
[Result "0-1"]
[WhiteElo "2487"]
[BlackElo "2659"]
[Annotator "Ribli,Z"]
[PlyCount "152"]
[EventDate "2000.04.15"]
[EventType "team-tourn"]
[EventRounds "11"]
[EventCountry "RUS"]
[SourceTitle "CBM 077"]
[Source "ChessBase"]
[SourceDate "2000.07.27"]
[SourceVersion "1"]
[SourceVersionDate "2000.07.27"]
[SourceQuality "1"]
[WhiteTeam "Tomsk Politekhnik-Yantar"]
[BlackTeam "Sankt Petersburg Chess Federation"]
[WhiteTeamCountry "RUS"]
[BlackTeamCountry "RUS"]

1. c4 e5 2. Nc3 Nf6 3. Nf3 Nc6 4. e3 Bb4 (4... Be7) 5. Qc2 Bxc3 {Schwarz
tauscht aus freien Stücken den Läufer gegen den Springer ab, aber die weiße
Dame steht nun exponiert auf c3. Die andere Möglichkeit 5...0-0 führt zu
komplitzierterem Spiel.} (5... O-O 6. Nd5) 6. Qxc3 Qe7 7. a3 (7. Be2) 7... d5
8. d4 {Das ist eine bei Weißspielern beliebte Variante.} (8. cxd5 Nxd5 9. Qb3
Nb6 $11) 8... exd4 9. Nxd4 Nxd4 10. Qxd4 O-O {Weiß besitzt zwar das Läuferpaar
- aber Schwarz hat Eröffnungsvorteil, weil Weiß schon dreimal die Dame gezogen
hat. Und die steht auf d4 eher etwas exponiert.} (10... c5 11. Qh4 dxc4 12.
Bxc4 O-O 13. Bd2 Be6 14. Bc3 Bxc4 15. Qxc4 Ne4 $11 {0-1 Pomes,J-Epishin,V/
Terrassa (3) 1991/CBM 24/[Ribli] (32)}) 11. c5 {Mit dieser Fortsetzung
verhindert Weiß den Zug c7-c5.} (11. Be2 c5 12. Qh4 Be6 13. cxd5 Bxd5 14. f3
Qe6 15. O-O Rfd8 (15... Bb3 16. e4 h6 17. Bd2 Rfd8 18. Bc3 Nd7 19. Qg3 f6 20.
Rae1 Rac8 21. f4 {1-0 Onischuk,A-Pena,E/Mamaia 1991/EXT 97 (42)}) 16. e4 Nd7 $5
{[/\17...Bc4]} 17. Be3 Bc4 18. Bxc4 Qxc4 19. Rad1 f6 $1 {[/\20...Ne5<=>]} 20.
Bf4 {1/2-1/2 Onischuk,A-Gurevich,M/Polanica Zdroj 1999/CBM 73/[Gurevich,M] (20)
}) (11. cxd5 Rd8 12. Be2 Rxd5 13. Qh4 Bf5 14. O-O Rad8 15. f3 Bd3 16. Bxd3 Rxd3
{1/2-1/2 Biehler,T-Arnold,L/Germany 1990/GER-chT2 (39)}) 11... b6 $5 {Schwarz
möchte die Stellung sprengen.} (11... Ne4 12. b4 Qh4 13. Ra2 Qg5 14. f3 Nf6 15.
Rf2 c6 16. Bd3 Re8 17. O-O Qe5 18. Qh4 Be6 19. Bb2 Qxe3 20. Rd1 h6 21. Bxf6
gxf6 22. f4 Kg7 {0-1 Belozerov,A-Rublevsky,S/Smolensk RUS 2000/The Week in
Chess 286 (38)}) 12. b4 (12. cxb6 axb6 $15) 12... bxc5 13. bxc5 (13. Qxc5 Qxc5
14. bxc5 Rb8 $15) 13... Qe6 {Mit diesem Zug bereitet Schwarz den Zug 14...Ba6
vor.} (13... Rb8 $11 {[%cal Gb8b1]}) 14. Bd3 Ba6 $1 {[%mdl 32] Schwarz möchte
den weißfeldrigen Läufer abtauschen.} 15. Bc2 (15. O-O Bxd3 16. Qxd3 Rab8 $15)
15... Ng4 {[%csl Re1][%cal Gg4e5,Ge5c4,Ga6f1]} 16. f3 (16. Bb2 f6) 16... Ne5
$15 {[%cal Ge5c4]} 17. Bb2 f6 {Schwarz verteidigt den Ne5 und schränkt
gleichzeitig den Wirkungsradius des Bb2 ein.} (17... Rfe8 18. f4 $2 Nd3+ 19.
Bxd3 Qxe3+ 20. Qxe3 Rxe3+ $17) 18. Kf2 Rab8 {[%cal Gb8b1]} 19. Bc3 (19. Rab1
Rfe8 20. Rhe1 Nc4 $15) 19... Bc4 20. Rab1 Qa6 {[%csl Yd3][%cal Ga6f1,Ga6a3]}
21. a4 c6 {Schwarz befestigt den Pd5.} 22. Rhd1 Rxb1 23. Rxb1 Bd3 $1 {Endlich
gelingt es Schwarz, den Läufer abzutauschen. Nach dem Tausch werden die weißen
Felder in der Stellung des Anziehenden schwach.} 24. Bxd3 Nxd3+ 25. Kg3 (25.
Kg1 Ne5 $15) 25... Ne5 26. e4 Rd8 27. exd5 cxd5 {[%cal Ge5c6]} (27... Rxd5 28.
Rb8+ Kf7 29. Qe4 $11) 28. Re1 Qc8 $5 (28... Nc6 $6 29. Qg4 Qc8 30. Qxc8 Rxc8
31. Re6 $132) 29. Qe3 Nc6 {[%csl Gc6][%cal Rd5d4,Rd4c3,Rd4e3] Der Springer
steht ausgezeichnet auf c6 - er blockiert den Pc5 und verteidigt das
potentielle Eindringungsfeld e7.} 30. Bd4 Kf7 31. Rd1 Qc7+ 32. Kh3 (32. Qf4 Qa5
$15) (32. f4 g5 $36) (32. Kf2 $2 Qxh2 $17) 32... Qd7+ 33. Kg3 Qf5 {[%csl Gf5]
Die schwarze Dame steht sehr aktiv auf f5.} 34. Rd2 Rb8 {[%cal Gb8b1]} 35. Kf2
(35. Rb2 Qg6+ 36. Kf2 (36. Kh3 Qh5+ 37. Kg3 g5 $19 {[%cal Rh5h4,Rh4g3,Rh4d4]})
36... Rxb2+ 37. Bxb2 Qc2+ {[%cal Rc2b2,Rc2f2]} 38. Qe2 Qxc5+ $17) 35... Rb4 {
[%csl Ra4][%cal Gb4d4,Rb4a4]} 36. a5 Qe6 (36... Nxa5 37. Re2 Qd7 $17) 37. Qf4 (
37. Qxe6+ Kxe6 $17) 37... Qe7 38. Re2 (38. Qg4 g6 $17) 38... Qd7 39. Rd2 Nxa5
$17 {Schwarz hat schon einen Mehrbauern und noch dazu Positionsvorteil, weil
sein Springer aktiver steht als der weiße Läufer.} 40. Qe3 Nc6 {[%csl Gc6]} 41.
Bb2 Qe7 42. Qc3 (42. Qxe7+ Kxe7 $17) 42... Rc4 {[%csl Rc5]} 43. Qd3 Qxc5+ 44.
Kg3 h6 $6 (44... d4 $19) 45. Qxd5+ Qxd5 46. Rxd5 Ke6 {[%mdl 4096] Mit dem
entfernten Freibauern auf der a-Linie hat Schwarz gute Gewinnchancen. Ich
möchte anmerken, dass der Bb2 unter anderem wegen der Bauernkette f6-g7 eine
passive Rolle spielt.} 47. Rb5 Rb4 48. Rc5 (48. Rxb4 Nxb4 $19) 48... Kd6 49.
Rc2 Rb3 50. Kf4 a5 {Der a-Bauer muss die Partie entscheiden.} 51. Rd2+ Ke6 (
51... Kc5 52. Kf5) 52. Re2+ Kf7 53. Ke4 a4 54. Kd5 Ne7+ (54... Nb4+ 55. Kc4 $17
) 55. Kc4 Nf5 56. Kc5 h5 {Schwarz mobilisiert seinen Bauern am Königsflügel
und möchte die Stellung des Nf5 festigen.} 57. Kc4 (57. g4 hxg4 58. fxg4 Ne3
59. h3 Nd1 $19 {[%cal Rb3h3,Rb3b2]}) 57... h4 {[%csl Gf5]} 58. h3 g5 {Weiß hat
kein Gegenspiel, er kann nur zusehen, wie Schwarz seine Stellung Schritt für
Schritt verbessert.} 59. Ba1 Ra3 60. Bd4 (60. Re1 Ne3+ $19) (60. Bb2 Ra2 $19 {
[%cal Ga2e2]}) 60... Nxd4 $1 {Theoretisch gibt es in Turmendspielen immer
Remischancen für den Verteidiger, aber hier gewinnt Schwarz leicht.} 61. Kxd4
Kg6 62. Kc4 Rb3 63. Ra2 Kf5 {[%cal Gf5f4,Gf4g3]} 64. Rxa4 Rb2 {[%csl Rg2][%cal
Rb2g2] Die Stellung ist materiell ausgeglichen, aber nun verliert Weiß seinen
Schlüsselbauern Pg2.} 65. Ra5+ Kf4 66. Ra6 f5 67. Kd5 Rxg2 $19 {Mit Merhbauer
sowie aktivem König und Turm steht Schwarz auf Gewinn.} 68. Ke6 Re2+ (68... Rg3
69. Ra5 Kxf3 70. Kxf5 Kg2 $19) 69. Kf6 g4 70. fxg4 fxg4 71. hxg4 (71. Ra4+ Re4
72. Rxe4+ Kxe4 73. hxg4 h3 $19) 71... Kxg4 {Gewöhnlich kann man im
Turmendspiel mit einem h-Bauern nicht gewinnen, aber hier steht der weiße
König zu weit ab vom Hauptkriegsschauplatz.} 72. Ra4+ Kg3 73. Kf5 (73. Kg5 h3
74. Rg4+ Kf2 75. Rf4+ Kg1 $19) 73... h3 74. Ra3+ Kg2 75. Kf4 h2 76. Rg3+ Kf1
0-1

[Event "WchT 6th"]
[Site "Beersheba"]
[Date "2005.11.04"]
[Round "4.3"]
[White "Mchedlishvili, Mikheil"]
[Black "Wang, Yu A"]
[Result "1-0"]
[WhiteElo "2564"]
[BlackElo "2396"]
[Annotator "Ribli,Z"]
[PlyCount "69"]
[EventDate "2005.11.01"]
[EventType "team-tourn"]
[EventRounds "9"]
[EventCountry "ISR"]
[SourceTitle "CBM 110"]
[Source "ChessBase"]
[SourceDate "2006.01.31"]
[SourceVersion "1"]
[SourceVersionDate "2006.01.31"]
[SourceQuality "1"]
[WhiteTeam "Georgia"]
[BlackTeam "China (W)"]
[WhiteTeamCountry "GEO"]
[BlackTeamCountry "CHN"]

1. c4 e5 2. Nc3 Nf6 3. Nf3 Nc6 4. a3 d5 (4... g6 $5) 5. cxd5 Nxd5 6. Qc2 Be7 7.
e3 {Eine typische Stellung in der Paulsen Variante der Sizilianische
Verteidigung, aber mit vertauschten Farben.} a6 (7... O-O 8. Bb5 $36) 8. Nxd5
$5 (8. Bd3 $5 Be6 $5) 8... Qxd5 9. Bd3 {Auf den ersten Blick steht der Läufer
unnatürlich auf d3, jedoch erhält er auf e4 er aktiven Platz.} Qd6 (9... Bd7
10. b4 Qe6 11. Bb2 Bd6 (11... f5 12. Bc4 Qf6 13. O-O Bd6 14. Rfc1 $1 Rf8 15. d3
Qe7 16. Bd5 O-O-O 17. Rab1 $16 {1/2-1/2 Chernin,A-Hertneck,G/Osterreich 1993/
(61)}) 12. Ng5 $1 Qg4 $6 13. h4 $1 Qxg2 14. O-O-O Qg4 15. Rdg1 Qh5 16. Bc4 $1 {
1-0 Chernin,A-Polgar,Z/Brno 1993/ (27)}) (9... Be6 10. O-O h6 11. b4 Qb3 12.
Qxb3 Bxb3 13. Bb2 f6 14. Be4 O-O-O 15. Rfc1 Bd5 {1/2-1/2 McNab,C-Rodriguez
Uria,J/Oviedo 1993/CBM 38 ext (48)}) (9... Qa5 10. O-O Bd7 11. Rb1 g6 12. b4
Qd5 13. Bb2 f5 14. Bc4 Qd6 15. d4 {1-0 Badea,B-Haas,R/Wattens 1994/EXT 2000 
(33)}) 10. Be4 {[%csl Ge4][%mdl 4] Der weiße Läufer steht stark auf e4:
Schwarz kann weder rochieren und noch f7-f5 ziehen.} (10. b4 Be6 11. Bb2 Bf6
12. Rc1 Rd8 13. Be4 Bd5 14. O-O Bxe4 15. Qxe4 O-O 16. Rc4 Rfe8 17. Rfc1 Re6 18.
a4 {1-0 Delchev,A-Bilobrk,F/Zadar 2002/ (34)}) 10... Bd7 11. b4 Bf6 $6 {
Dieser Läuferzug gefällt mir nicht, da die schwarze Stellung passiv bleibt.
Die Alternative 11...Qe6!? führt zu schärferem Spiel.} (11... Qe6 $5 {[%cal
Gf7f5]} 12. Bb2 (12. g4 $2 Qxg4 13. Rg1 Qe6 14. Rxg7 f5) 12... f5 13. Bxc6 Bxc6
14. Nxe5 Bxg2 15. Rg1 Be4 16. d3 Bd5) 12. Bb2 h6 $6 {Schwarz möchte kurz
rochieren, somit muss er zuerst den h-Bauern verteidigen.} (12... g6 $142) 13.
Rc1 O-O 14. O-O Rfe8 15. d3 g6 16. Nd2 $1 {[%csl Gb2,Ge4][%cal Gd2b3,Gd2c4]
[%mdl 32] Der weiße Springer zielt auf das Feld c4, und sein Läuferpaar
besetzen sicher die beiden großen Diagonalen, während Schwarz Schwierigkeiten
mit der Figurenkoordination hat.} Bg7 17. Nb3 $16 {[%csl Yc5][%cal Gb3c5]} Bf5
(17... f5 18. Bxc6 Qxc6 (18... Bxc6 19. Na5 $16) 19. Nc5 $16) 18. Bxc6 (18.
Bxf5 gxf5 19. Nc5 $16) 18... bxc6 (18... Bxd3 19. Qc3 Bxf1 (19... bxc6 20. Rfd1
Rad8 21. Nc5 $18) 20. Bxe8 Be2 21. Bxf7+ Kxf7 22. Qxc7+ $18) 19. e4 Bd7 20.
Rfd1 {[%cal Gb3c5,Gb3a5] Schwarz hat eine sehr schlechte Bauernstruktur,
besonders seine Doppelbauern auf der c-Linie sind schwach.} (20. Na5) 20... Qe7
21. Na5 h5 22. Qd2 (22. Nxc6 $16) 22... Kh7 {[%cal Gg7h6,Gh6c1]} 23. Rc5 (23.
f4) 23... Bh6 24. Qc2 Bf4 25. Bc1 {Weiß tauscht die einzige aktive schwarze
Figur, den f4-Läufer.} (25. g3 Qg5 26. Nxc6 $18) 25... Qg5 26. Bxf4 Qxf4 27.
Qc1 Qf6 28. Nxc6 $18 {Endlich nimmt Weiß den c6-Bauern und erlangt deutlichen
Vorteil.} h4 29. h3 (29. d4 Bxc6 30. dxe5 Rxe5 31. Rxc6 $18) 29... g5 30. d4 $1
(30. Qc3 Bxc6 31. Rxc6 $18) 30... exd4 31. Nxd4 {[%csl Yf5][%cal Gd4f5]} g4 32.
Rh5+ Kg8 33. Nf5 Bxf5 34. Rxf5 Qe7 35. Qh6 {[%csl Gf5,Rg8,Gh6]} 1-0

[Event "EU-Cup 21st"]
[Site "Saint Vincent"]
[Date "2005.09.24"]
[Round "7.4"]
[White "Bischoff, Klaus"]
[Black "Sakaev, Konstantin"]
[Result "1-0"]
[WhiteElo "2560"]
[BlackElo "2669"]
[Annotator "Ribli,Z"]
[PlyCount "167"]
[EventDate "2005.09.18"]
[EventType "team-swiss"]
[EventRounds "7"]
[EventCountry "ITA"]
[SourceTitle "CBM 110"]
[Source "ChessBase"]
[SourceDate "2006.01.31"]
[SourceVersion "1"]
[SourceVersionDate "2006.01.31"]
[SourceQuality "1"]
[WhiteTeam "Tegernsee"]
[BlackTeam "Cheliabinsk"]
[WhiteTeamCountry "GER"]
[BlackTeamCountry "RUS"]

1. c4 e5 2. Nc3 Nf6 3. Nf3 Nc6 4. d3 d5 5. cxd5 Nxd5 6. e3 {Weiß spielt gerne
die "Scheweninger Variante im Anzug".} Be7 7. Be2 O-O 8. O-O Be6 9. Qc2 f5 10.
a3 a5 {Statt dieser "automatischen" Fortsetzung ist die Alternative 10...Kh8!
besser.} (10... Kh8 $1 {Dieser prophylaktische Zug (mit Weiß in der
Sizilianischen Verteidigung) wurde seinerzeit vom ungarischen Großmeister
Maroczy empfohlen.} 11. Bd2 $5 Nb6 12. b4 Bf6 13. Bc1 a6 14. Bb2 Qe7 15. Rac1
Rad8 16. Rfd1 Rd7 17. Nd2 {1/2-1/2 Bischoff,K-Veinger,I/Munich 1987/CBM 03 (34)
}) 11. Bd2 Kh8 12. Rfc1 {Eine sonderbare Fortsetzung, gewöhnlich spielt man in
solchen Stellungen 12.Rac1 und der andere Turm bleibt in der Nähe des
Königsflügels.} (12. Rac1 Bf6 13. Nxd5 Qxd5 14. e4 (14. Bc3) 14... Qd6 (14...
Qd7 $5 15. exf5 Bxf5 16. Be3 $11) 15. Be3 Rfd8 16. exf5 Bxf5 17. Rfd1 $11 {
1-0 Bischoff,K-Van den Doel,E/Leon 2001/CBM 86/[Ribli] (41)}) (12. Rfe1 Nb6 13.
b3 Bf6 (13... Qe8 14. Nb5 Rc8 15. Bc3 Bf6 16. e4 Qd7 17. Rad1 Qf7 18. Rb1 Qg6
19. Rbc1 Nd7 20. b4 {1/2-1/2 Neverov,V-Romanishin,O/Kharkiv 2004/ (27)}) 14.
Bc1 Qd7 15. Bb2 Ne7 16. Rac1 Ng6 17. Nb1 Rfc8 18. Nbd2 c5 19. Nc4 Qc7 20. Nxb6
Qxb6 21. Nd2 Qd8 22. g3 b5 23. a4 b4 24. Nc4 Ra7 $1 {1/2-1/2 Ribli,Z-Sprenger,
J/Eppingen BL 2005/06/(42)}) 12... Bg8 (12... Nb6 13. b3 (13. Na4)) (12... Nf6
$5) 13. Be1 {Ein bekanntes prophylaktisches Motiv: der f1R steht auf c1 (oder
d1 in anderen Varianten), um seinen Läufer in Sicherheit zu bringen.} (13. Na4)
13... Qe8 14. Na4 Rf6 15. Nc5 b6 {Schwarz vertreibt den weißen Springer, der
c6N ist sicher gedeckt von f6R.} 16. Na4 Rd8 17. Nc3 Qg6 18. Qa4 Rfd6 $6 (18...
Qh6 $5 $36) 19. Nb5 e4 $13 (19... Rf6 20. Rxc6 Rxc6 21. Nxe5) 20. dxe4 fxe4 21.
Nd2 Re6 (21... Nxe3 22. Qxe4 $1 (22. fxe3 Rxd2 23. Bxd2 Rxd2 24. Rc2 (24. Bf1
Ne5 $19) 24... Qg5 $36) 22... Bd5 23. Qxg6 Rxg6 24. g3 Ng2 25. Nxc7 Nf4 26. Bf1
$14) 22. Rc4 (22. Nc3 Bc5 23. Nf1 Nxc3 24. Bxc3 Ne5) 22... Bc5 (22... Ne5 23.
Rxe4 c5 24. Nf3 Bf6 25. Rd1 $14) 23. Nf1 {[%cal Gf1g3]} (23. Nxe4 Nd4 (23...
Bxe3 24. fxe3 Nxe3 25. Ng3 Nxc4 26. Bxc4 $16) (23... Nxe3 24. fxe3 Bxe3+ 25.
Kh1 $16) 24. exd4 Rxe4 25. Bf3 (25. Bd3 Nf4 26. Bxe4 Qxe4) 25... Nf4 26. Qc2
Rde8 27. Bxe4 Rxe4) 23... Ne5 {[%mdl 2048]} 24. Rxe4 c6 25. Nc3 (25. Nd4 $4
Qxe4 26. Ng3 Qg6 27. Nxe6 Bxe6 $19) 25... b5 $6 (25... Nf6 26. Rf4 Nd3 27. Bxd3
Rxd3 $44) 26. Qxa5 {Weiß hat nichts Besseres, er muss die Einladung annehmen.
Jetzt hat er schon zwei Bauern mehr. Es scheint auf den ersten Blick, dass
Schwarz Gewinnchancen besitzt, aber Weiß findet die richtigen
Verteidigungszüge.} Bb6 27. Qa6 Rb8 (27... Nxc3 28. Bxc3 Qxe4 29. Ng3 Qg6 30.
Qxb6 $16) 28. Nxd5 cxd5 29. Rxe5 $1 {Mit diesem Qualitätsopfer sichert Weiß
seinen Vorteil.} (29. Rf4 $2 Bxe3 {[%cal Re6a6,Re3f4]} 30. Qxe6 Bxf2+ 31. Bxf2
Bxe6 $17) 29... Rxe5 30. Qxb5 $16 {Weiß hat drei Bauern für die Qualität, was
mehr als befriedigend ist.} Rg5 31. Bf3 d4 32. Qe2 Rc8 (32... d3 33. Qd1 $16)
33. Qd1 dxe3 34. Nxe3 Bxe3 35. fxe3 Rc2 36. Bg3 Rxb2 37. a4 {[%csl Ga4,Gf3,Gg3]
[%cal Ga4a5] Das Läuferpaar verteidigt souverän die weiße Königsstellung und
der a-Bauer ist sehr stark.} h5 38. Rc1 h4 $2 (38... Bb3 $142 39. Qd8+ Kh7 40.
Qd4) 39. Qd4 $1 {[%cal Rd4b2,Rd4h4]} Rb1 40. Qxh4+ Rh5 41. Qxh5+ Qxh5 42. Rxb1
{Weiß hat mit R+B+3P gegen die Dame einen großen Materialvorteil.} Qc5 43. h3
Bd5 44. Bxd5 Qxd5 45. Rb4 $18 {[%mdl 4096] Der weiße Gewinn ist nur eine Frage
der Zeit: der deutsche Großmeister löst die Aufgabe langsam, aber sicher.} Kh7
46. Kh2 Qc5 47. Rh4+ Kg8 48. Re4 Kf7 49. Re5 Qc4 50. a5 {Die weiße
Verteidigungsstellung steht sicher} Kf6 51. Bf4 Qc6 52. Rg5 g6 53. h4 Kf7 54.
h5 (54. Kg3) 54... gxh5 55. Rxh5 Qa6 56. Kh3 Qe6+ 57. g4 $6 (57. Kg3 Qg6+ 58.
Rg5) 57... Qa6 58. Kh4 Qf1 $1 {[%csl Gf1][%cal Gf1h1] Die Dame ist aktiv, es
droht 59...Qh1+.} 59. Rc5 Kg6 (59... Qh1+ 60. Kg5 $18) 60. Rc6+ Kf7 61. Rd6
Qe1+ {[%cal Re1a5,Re1h4] Mit diesem Schach gewinnt Schwarz den a-Bauern.} 62.
Kh5 Qxa5+ 63. g5 {Der Verlust des a-Bauern hat keine große Bedeutung, der
g-Bauer entscheidet die Partie.} Qa1 64. g6+ Ke7 (64... Kg7 $2 65. Bh6+ $18)
65. Kh6 Qh8+ 66. Kg5 Qb2 67. Rd4 Qg2+ 68. Kh6 Qh3+ 69. Kg7 {[%csl Gg7]} Qf5 70.
Rd6 Qf7+ $1 71. Kh6 (71. gxf7 $4 $11) 71... Qf8+ 72. g7 Qc8 73. Kh7 Kf7 74. Rg6
Qg8+ 75. Kh6 Ke7 76. e4 Kd7 77. e5 Ke7 78. Bg5+ (78. e6 $18) 78... Ke8 79. Rf6
Kd7 80. Rd6+ Kc7 81. Rd8 Qe6+ 82. Bf6 Qh3+ 83. Kg6 Qg4+ 84. Kf7 1-0

[Event "EU-Cup 19th"]
[Site "Rethymno"]
[Date "2003.10.04"]
[Round "7.5"]
[White "Filippov, Valerij"]
[Black "Joachim, Sven"]
[Result "1/2-1/2"]
[WhiteElo "2630"]
[BlackElo "2438"]
[Annotator "Ribli,Z"]
[PlyCount "42"]
[EventDate "2003.09.28"]
[EventType "team-swiss"]
[EventRounds "7"]
[EventCountry "GRE"]
[SourceTitle "CBM 098"]
[Source "ChessBase"]
[SourceDate "2004.02.03"]
[SourceVersion "1"]
[SourceVersionDate "2004.02.03"]
[SourceQuality "1"]
[WhiteTeam "Tomsk 400"]
[BlackTeam "Werder Bremen"]
[WhiteTeamCountry "RUS"]
[BlackTeamCountry "GER"]

1. c4 Nf6 2. Nc3 e5 3. Nf3 Nc6 4. e3 Be7 {Diese Fortsetzung wird relativ
selten gespielt, aber bietet Schwarz ausgezeichnete Ausgleichschancen. Die
Hauptalternative ist 4....Bb4.} 5. d4 exd4 6. Nxd4 (6. exd4 d5 $11) 6... O-O 7.
Be2 d5 {Das ist die prinzipielle Fortsetzung, aber die Alternative 7...Re8
kommt auch in Betracht.} (7... Re8 8. O-O Nxd4 9. Qxd4 Bd6 10. Bd2 Be5 11. Qd3
Qe7 12. Rad1 c6 $11) 8. Nxc6 (8. cxd5 Nb4 $5 9. e4 $6 (9. O-O Nbxd5 10. Nxd5
Qxd5 $11) 9... Nxe4 $1 10. Nxe4 (10. Ndb5 Nxc3 11. Nxc3 Bf5 12. O-O Bf6 13. Bc4
Nc2 14. Rb1 Nb4 $11) 10... Qxd5 $17 {Der e4N hängt und droht 11...Qxd4 auch
wegen des Motivs Nc2+.}) 8... bxc6 9. O-O Bd6 10. b3 (10. cxd5 cxd5 11. b3 c6
12. Bb2 Qc7 13. g3 Bh3 14. Re1 Rfe8 15. Rc1 Qd7 16. Na4 Ne4 17. f3 Ng5 18. Nc5
Qf5 19. Bd4 Rac8 20. Rc2 Qg6 {0-1 Wintzer,J-Shchekachev,A/Amsterdam 2001/CBM
83 ext (75)}) 10... Re8 {Dieser Turmzug ist auch nicht schlecht, aber die
traditionelle Fortsetzung 10...Qe7 scheint mir aber logischer.} (10... Qe7 11.
Bb2 dxc4 $1 (11... Rd8 12. cxd5 Qe5 13. g3 Bh3 14. Re1 Bb4 15. Qc2 Bf5 16. Qc1
cxd5 17. Bf3 Qe7 18. a3 Ba5 19. b4 Bb6 20. Nxd5 Nxd5 21. e4 {1-0 Keene,
R-Jansson,B/Haifa 1976/EXT 2000 (40)}) 12. bxc4 (12. Bxc4 Qe5 13. g3 Bh3 14.
Re1 Rad8 $13) 12... Rb8 $1 13. Qc1 Ng4 14. g3 Re8 (14... Nxh2 15. Kxh2 Qh4+ 16.
Kg2 Qh3+ 17. Kg1 Bxg3 18. fxg3 Qxg3+ 19. Kh1 $11) 15. Nd1 Nxh2 $1 16. c5 (16.
Kxh2 $2 Qh4+ 17. Kg2 Qh3+ 18. Kg1 Bxg3 19. fxg3 Qxg3+ 20. Kh1 Re4 (20... Re6
21. Bf6 $1) 21. Rf4 Bh3 $19) 16... Nxf1 $1 17. cxd6 Nxg3 $1 {0-1 Timman,
J-Karpov,A/Montreal 1979/MCL/[ChessBase] (31)}) 11. Qc2 (11. Bb2 dxc4 12. bxc4
(12. Bxc4 Bxh2+ 13. Kxh2 Ng4+ 14. Kg3 Qg5 15. f4 Qg6 $36) 12... Rb8 13. Qc2 Qe7
{Auf diese Weise mit Zugumstellung haben wir unsere Partiefortsetzung.}) 11...
Qe7 {[%cal Ge7e5,Gd6h2]} 12. Bb2 dxc4 {[%mdl 4] Dieser Tausch scheint auf den
ersten Blick positionell nicht gut, aber in folgendem bekommt Schwarz
gefährliche taktische Chancen am Königsflügel.} 13. bxc4 {Weiß muss mit dem
Bauern zurücknehmen, sonst wird seine Königstellung angreifbar.} (13. Bxc4 Qe5
(13... Ng4 14. h3 Ne5 15. Be2 $14) (13... Bxh2+ 14. Kxh2 Ng4+ 15. Kg1 Qh4 16.
Rfe1 Qh2+ 17. Kf1 Qh1+ 18. Ke2 Qxg2 $13) 14. g3 Qh5 $40) 13... Rb8 {[%cal
Gb8b2,Ge8e2]} 14. Rab1 Ng4 {[%csl Gb8,Gc8,Gd6,Ge7,Ge8,Gg4] Die schwarze
Bauernstruktur ist geschwächt, aber das hat keine Bedeutung; alle schwarze
Figuren stehen sehr aktiv.} 15. g3 (15. Bxg4 Qe5 16. g3 Bxg4 $15 {[%csl Yf3,
Yg2,Yh3] Die weißfarbigen Punkte sind sehr schwach am weißem Königsflügel.}) {
[#]} 15... Nxh2 $5 {[%mdl 64] Dieses taktische Motiv ist typisch (und sehr
bekannt seit der Partie Timman,J - Karpov,A Montreal 1979, siehe Anmerkung 10..
.Qe7) in solchen Stellungen. Nach diesem Springeropfer hat Schwarz mindestens
ein Dauerschach.} (15... Qe6 {[%cal Ge6h6,Gh6h2]}) (15... Qg5 $5 $36) 16. Kxh2
Qh4+ 17. Kg1 (17. Kg2 Qh3+ 18. Kg1 Bxg3 $11) 17... Bxg3 18. fxg3 Qxg3+ 19. Kh1
Qh3+ 20. Kg1 Qg3+ {Schwarz hat nichts mehr, außer Dauerschach, was nicht so
schlecht mit Schwarz ist, da er gegen einen 2630 Großmeister spielte!} (20...
Re6 $2 21. Bf3 $16 {[%cal Gf3g2]}) (20... Rxe3 21. Ne4 $16) 21. Kh1 Qh3+
1/2-1/2